Statistics for 20 Biggest Casino's In The World

Click here to take the quiz!

General Stats

  • This quiz has been taken 22 times
  • The average score is 6 of 20

Answer Stats

CitySquare FeetAnswer% Correct
Las Vegas155,000Bellagio
74%
Macau221,952MGM Grand
74%
Las Vegas170,000MGM Grand
74%
Macau100,000Wynn
68%
Las Vegas110,000Wynn
68%
Las Vegas120,000The Venetian
58%
Macau546,000The Venetian
58%
Atlantic City145,100Caesars
32%
Mashantucket, CN340,000Foxwoods
26%
Macau229,000Sands
21%
Atlantic City161,000Borgata
11%
Las Vegas120,000Rio All Suite
11%
Klerksdorp, South Africa266,330Tusk Rio
11%
Manila420,000City of Dreams
5%
Lisbon165,000Lisboa
5%
Atlantic City100,000Resorts
5%
Macau270,000Casino Ponte 16
0%
Las Vegas86,600Gold Coast
0%
Macau140,000Starworld
0%
Atlantic City91,181Trump Plaza
0%

Score Distribution

Percentile by Number Answered

Percent of People with Each Score

Your Score History

You have not taken this quiz